<?xml version="1.0" encoding="UTF-8"?>
<collection xmlns="http://www.loc.gov/MARC21/slim">
 <record>
  <leader>00453pamaa2200157   4500</leader>
  <controlfield tag="001">0000031685</controlfield>
  <controlfield tag="005">20060602090000.0</controlfield>
  <datafield tag="020" ind1="0" ind2="0">
   <subfield code="a">0030747333 </subfield>
  </datafield>
  <datafield tag="082" ind1=" " ind2=" ">
   <subfield code="a">339 RUK</subfield>
  </datafield>
  <datafield tag="090" ind1="0" ind2="0">
   <subfield code="a">HB172.5 </subfield>
   <subfield code="b">RUK 1992</subfield>
  </datafield>
  <datafield tag="100" ind1="1" ind2="0">
   <subfield code="a">RUKSTAD </subfield>
  </datafield>
  <datafield tag="245" ind1="1" ind2="0">
   <subfield code="a">Macroeconomic decision making in the world economy : </subfield>
   <subfield code="b">text and cases  </subfield>
   <subfield code="c">Michael G. Rukstad.</subfield>
  </datafield>
  <datafield tag="250" ind1="0" ind2="0">
   <subfield code="a">3rd ed.</subfield>
  </datafield>
  <datafield tag="260" ind1="0" ind2="0">
   <subfield code="a">Fort Worth: </subfield>
   <subfield code="b">The Dryden Press, </subfield>
   <subfield code="c">1992.</subfield>
  </datafield>
  <datafield tag="300" ind1=" " ind2=" ">
   <subfield code="a">ix, 708p.: </subfield>
   <subfield code="b">ill.col.; </subfield>
   <subfield code="c">26cm.</subfield>
  </datafield>
  <datafield tag="650" ind1="0" ind2="0">
   <subfield code="a">Chemistry </subfield>
  </datafield>
 </record>
</collection>
